Normal view
MARC view
- Security & Privacy
Entry Topical Term
001 - CONTROL NUMBER
- control field: 6746
003 - CONTROL NUMBER IDENTIFIER
- control field: JO-AjAnu
005 - DATE AND TIME OF LATEST TRANSACTION
- control field: 20230606071407.0
008 - FIXED-LENGTH DATA ELEMENTS
- fixed length control field: 230606|| aca||aabn | a|a d
040 ## - CATALOGING SOURCE
- Original cataloging agency: JO-AjAnu
- Transcribing agency: JO-AjAnu
150 ## - HEADING--TOPICAL TERM
- Topical term or geographic name entry element: Security & Privacy
670 ## - SOURCE DATA FOUND
- Source citation: Work cat.: (JO-AjAnu)3496: Wheele, David M. Damilare D. Fagbemi, JC Wheeler, author 6745, The Lot Architect,s Guide to Attainable Security & Privacy